| 000 | 00440nam a2200157 i 4500 | ||
|---|---|---|---|
| 001 | 44564 | ||
| 003 | ES-MaACL | ||
| 005 | 20230906161045.0 | ||
| 007 | t| | ||
| 008 | 030321s1962 sp ||||1| spa d | ||
| 100 | 1 |
_aCebolla, Fermín. _937286 |
|
| 245 | 1 | 0 |
_aLecciones para el descanso / _cFermín Cebolla. |
| 260 |
_aMadrid : _bPropaganda Popular Católica, _c[1962] |
||
| 300 |
_a231 p. ; _c18 cm. |
||
| 852 |
_aES-MaACL _jC-21596 _bR.50291 |
||
| 999 |
_c44564 _d44564 |
||